Legislación bancaria : doctrina, compilación legal, jurisprudencia /
Contiene: Presentación y objetivos; Actividad social y nacionalización bancaria; La nacionalización de los bancos en el derecho comparado; Expropiación mexicana del 1º de septiembre de 1982; Procedimiento expropiatorio y de pago de la indemnización; Si los bancos como sociedad anónima entraron en di...
Guardado en:
| Hovedforfatter: | |
|---|---|
| Format: | Bog |
| Sprog: | spansk |
| Udgivet: |
México :
Porrúa,
1989, c1989
|
| Udgivelse: | 2a edición |
| Fag: | |
| Tags: |
Ingen Tags, Vær først til at tagge denne postø!
|
MARC
| LEADER | 00000nam^a2200000^a^4500 | ||
|---|---|---|---|
| 001 | 000154645 | ||
| 005 | 20250521000000.0 | ||
| 009 | 20260310100401.477 | ||
| 037 | |a Acervo ITESO - Biblioteca | ||
| 041 | |a ESP | ||
| 082 | |a 346. 72082 |b ACO | ||
| 100 | |a Acosta Romero, Miguel |e (autor) | ||
| 245 | 1 | 0 | |a Legislación bancaria : |b doctrina, compilación legal, jurisprudencia / |c M. Acosta Romero. |
| 250 | |a 2a edición |b aumentada | ||
| 264 | 4 | |a México : |b Porrúa, |c 1989, c1989 | |
| 300 | |a XXX, 712 P. | ||
| 336 | |a texto |b txt |2 rdacontenido | ||
| 337 | |a sin mediación |b n |2 rdamedio | ||
| 338 | |a volumen |b nc |2 rdasoporte | ||
| 520 | |a Contiene: Presentación y objetivos; Actividad social y nacionalización bancaria; La nacionalización de los bancos en el derecho comparado; Expropiación mexicana del 1º de septiembre de 1982; Procedimiento expropiatorio y de pago de la indemnización; Si los bancos como sociedad anónima entraron en disolución y liquidación o se transformaron; Las concesiones; Transformación de las sociedades anónimas bancarias, en sociedades mercantiles nacionales de crédito y la naturaleza y régimen jurídico de ellas; Las leyes marco y las disposiciones que las mismas previenen; Conceptualización del sistema bancario mexicano y otros más. | ||
| 649 | |a XX | ||
| 650 | |a Bancos y Operaciones Bancarias - |z México | ||
| 650 | |a Finanzas - |z México - |x Aspectos Jurídicos | ||
| 650 | |a Nacionalización - |z México - |x Aspectos Jurídicos | ||
| 650 | |a Indemnización Laboral - |z México - |x Aspectos Jurídicos | ||
| 650 | |a Economía - |z México - |x Historia - |y 1976-1982 | ||
| 650 | |a Derecho Bancario - |z México | ||
| 650 | |a Derecho Económico - |z México | ||
| 650 | |a Derecho Civil - |z México | ||
| 650 | |a Derecho Privado - |z México | ||
| 650 | |a Derecho Público - |z México | ||
| 650 | |a Derecho Comparado | ||
| 910 | |a Fondo General | ||
| 920 | |a Impresos - Libros | ||
| 930 | |a Colección General | ||
| 905 | |a 101 | ||
| 901 | |a 0500086180 |b IT1 |c ACC |u 20250521 | ||
| 902 | |a https://opac.biblio.iteso.mx/vufind/Record/000154645 | ||